Prologue Star Wars III - Statistiques

Statistiques générales
  • Ce quiz a été pris 288 fois
  • Le résultat moyen est 38 sur 83
Statistiques - réponses
Réponse % Correct
a
96%
l'
91%
l'
91%
C'
88%
est
86%
est
86%
est
86%
la
82%
La
82%
la
82%
la
82%
le
78%
Le
78%
le
78%
le
78%
le
78%
guerre !
77%
de
73%
de
73%
jedi
71%
République
69%
Palpatine,
68%
Chancelier
65%
Chancelier
65%
les
62%
les
62%
Général
59%
Grievous,
59%
Dooku.
56%
des
54%
Sénat
51%
Comte
49%
du
49%
Sith,
48%
armée
47%
séparatiste
47%
une
45%
une
45%
dans
44%
dans
44%
Il
44%
droïde,
43%
droïde
43%
pour
43%
pour
43%
y
43%
suprème
40%
Galactique.
38%
Chevaliers
37%
deux
36%
deux
36%
chef
34%
chef
34%
mission
29%
que
29%
enlever
28%
capitale
26%
capitale
26%
son
25%
camps.
24%
Mal
22%
secourir
22%
sous
22%
partout.
20%
Alors
19%
Avec
19%
avec
19%
captif...
19%
attaques
18%
héros
18%
tente
18%
croule
15%
entré
15%
impitoyable
15%
otage,
13%
désespérée
12%
assiégée
9%
mènent
9%
précieux
9%
quitter
9%
audace
7%
diabolique
7%
stupéfiante,
6%
Aucun quiz correspondant
Distribution des résultats
% des personnes avec chaque résultat
Percentile par nombre de réponses
Votre historique - résultats
Vous n’avez pas pris ce quiz